| 000 | 00648nam a2200193 a 4500 | ||
|---|---|---|---|
| 001 | 000022995 | ||
| 005 | 20200930021923.0 | ||
| 008 | 101124s1969 sp ad r 001 0 spa d | ||
| 040 |
_aDO-SdBNP _bspa _cBNPHU |
||
| 082 |
_a621.670202 _bF386m |
||
| 100 | 1 |
_aFerrero, José H. _947299 |
|
| 245 | 1 | 0 |
_aManual de bombas centrífugas : _bcálculo, construcción y aplicación / _cJosé J. Ferrero. |
| 260 |
_aMadrid : _bAlhambra, _c1969. |
||
| 300 |
_axi, 168 p. : _bil., diag. , ; _c23 cm. |
||
| 500 | _aIncluye índice alfabético. | ||
| 650 | 4 |
_aBombas centrífugas _xManuales _947300 |
|
| 650 | 4 |
_aEquipos de tratamiento de agua _947301 |
|
| 049 | _aBNGR | ||
| 999 |
_c22492 _d22492 |
||